alkuaineet - Statistics

Yleistilastot
  • Tätä visaa on pelattu 817 kertaa
  • Keskiarvotulos 13 / 15
Vastaustilastot
Merkki Alkuaine % Oikein
O happi
99%
He helium
95%
Li litium
94%
Fe rauta
93%
Zn sinkki
93%
H vety
92%
K kalium
90%
Ca kalsium
90%
N typpi
88%
Cr kromi
83%
U uraani
78%
B boori
72%
S rikki
70%
I jodi
65%
Xn ksenon
49%
Ehtoja vastaavia visoja ei löytynyt
Tulosjakauma
Jokaisen tuloksen saaneiden osuus
Persentiili vastausten määrän mukaan
Tuloshistoriasi
Et ole pelannut tätä visaa